Bramkarze reprezentacji Portugalii - Statystyki

Ogólne statystyki
  • Ten quiz został rozwiązany 426 razy
  • Średni wynik to 2 z 6
Statystyki odpowiedzi
Bramkarz Występy % Poprawnych
Diogo Costa 27
83%
Rui Patrício 108
80%
Ricardo 79
23%
Beto 16
10%
Eduardo 36
7%
Quim 27
2%
Nie znaleziono quizów pasujących do podanych kryteriów
Rozkład punktacji
Procent ludzi z każdym wynikiem
Percentyl według liczby udzielonych odpowiedzi
Twoja historia wyników
Nie rozwiązałeś tego quizu